|
|
|
|
| LEADER |
00000nab a2200000 ar4500 |
| 001 |
vtls009460018 |
| 003 |
SK-MaSNL |
| 005 |
20260303204152.0 |
| 008 |
180911c2008 xo br|p|r|||||000 b|slo |
| 015 |
|
|
|a SNBRB2009/01
|
| 038 |
|
|
|a PPPKCL
|
| 040 |
|
|
|a PPPKCL
|b slo
|c PPPK
|e AACR2
|
| 041 |
0 |
|
|a slo
|
| 044 |
|
|
|a xo
|c SK
|
| 080 |
|
|
|a 639.215.2
|x (437.6)
|2 2001
|
| 080 |
|
|
|a 597.552.512.053.4
|2 2001
|
| 080 |
|
|
|a 639.2.053.4
|x (437.6)
|2 2001
|
| 245 |
0 |
0 |
|a Pstruh si hľadá domov v bystrinách
|c [autor] - nt -
|
| 300 |
|
|
|b Fotogr.
|
| 610 |
2 |
7 |
|a Stredisko genofondu rýb Biely Váh (Východná, Slovensko)
|2 pppkcl
|9 1237507
|
| 650 |
0 |
7 |
|a sladkovodné ryby
|2 pppkcl
|9 2761
|
| 650 |
0 |
7 |
|a vodné toky
|x chov rýb
|2 pppkcl
|9 1237584
|
| 650 |
0 |
7 |
|a pstruh potočný
|2 pppkcl
|9 29480
|
| 650 |
0 |
7 |
|a zarybňovanie
|2 pppkcl
|9 921023
|
| 651 |
|
7 |
|a Vysoké Tatry (Poľsko a Slovensko : pohorie)
|2 pppkcl
|9 67729
|
| 773 |
0 |
|
|t Tatry : dvojmesačník Štátnych lesov Tatranského národného parku v Tatranskej Lomnici
|g Roč.XXXXVI, č. 4 (2008), s. 7
|x 1335-6828
|
| 852 |
|
|
|a PPPK
|b KIS3GCP
|
| 999 |
|
|
|c 2188752
|d 2190682
|